000 00766nam a22002537a 4500
001 BR0101520
003 BR-BrBNA
005 20240313072651.0
007 ta
008 230509b bl.||||| |||| 00| 0 por d
040 _aBR-BrBNA
_bpor
_cBiblioteca Nacional de Agricultura
041 _a(Por)
072 _aA50; E21
090 _aA50
_bBR0101520
110 1 _aEmpresa Brasileira de Pesquisa Agropecuaria, Brasilia, DF (Brasil)
245 1 _aPlano diretor do Centro de Pesquisa Agroflorestal do Amapa (CPAF-Amapa)
260 3 _aBrasilia, DF (Brasil):
_c1993.
300 _a36 p.
650 _aPlanejamento de Pesquisa
650 _aAdministracao de Pesquisa
650 _aPlanejamento Administrativo
650 _aPlanejamento Florestal
942 _cBK
_2AGRIS
999 _c62869
_d62869